| 000 | 01101nam a22002295i 4500 | ||
|---|---|---|---|
| 001 | 158075 | ||
| 003 | ES-MaACL | ||
| 005 | 20250902063111.0 | ||
| 008 | 040823s1898 sp |||| | spa d | ||
| 040 |
_aCAM _bspa _cCAM |
||
| 100 | 1 |
_aLópez Silva, José, _d1861-1925 _973986 |
|
| 245 | 1 | 3 |
_aLa revoltosa _b: sainete lírico en un acto dividido en tres cuadros y en verso / _coriginal de Jose López Silva y Carlos Fernandez Shaw ; música del maestro Chapí. |
| 250 | _a7ª ed. | ||
| 260 |
_aMadrid : _b[Arregui y Aruej editores], _c1898 ( _fR. Velasco impresor) |
||
| 300 |
_a65 p. : _bil. ; _c19 cm. |
||
| 500 | _aEn port.: Estrenado en el teatro de Apolo la noche del 25 de noviembre de 1897. | ||
| 596 | _aEd. tomado de pie de imp. de la cub. original. | ||
| 700 | 1 |
_aFernández-Shaw, Carlos, _d1865-1911 _950098 |
|
| 700 | 1 |
_aChapí, Ruperto, _d1851-1909 _938014 |
|
| 852 |
_aES-MaACL _jF-8635(4) _z-- Enc. pasta española conservando la cub. original _z-- -Enc. en un vol. facticio formando parte de la col. facticia "Teatro español moderno", vol. 90 |
||
| 999 |
_c158075 _d158075 |
||